|
|
|
|
| LEADER |
00000nab a2200000 a 4500 |
| 001 |
vtls000296411 |
| 003 |
SK-MaSNL |
| 005 |
20260304014308.0 |
| 008 |
241209c1987 xo 0 hun |
| 015 |
|
|
|a SNBRB19rr/mm-uuuuu
|
| 035 |
|
|
|a CL0306530
|
| 040 |
|
|
|a SNKBUCL
|b slo
|c SNKBUCL
|e AACR2
|
| 041 |
0 |
|
|a hun
|
| 044 |
|
|
|a xo
|c SK
|
| 080 |
|
|
|a 894.511 (437)-1=945.11
|2 1981
|
| 100 |
1 |
|
|a Gál, Sándor,
|d 1937-2021
|4 aut
|9 242772
|
| 245 |
1 |
0 |
|a Csendet török
|c Sándor Gál
|
| 655 |
|
7 |
|a maďarská poézia
|2 snkbucl
|9 70602
|
| 655 |
|
7 |
|a články z novín a časopisov
|2 snkbucl
|9 267496
|
| 655 |
|
7 |
|a články z odboru literárna veda a krásna literatúra
|2 snkbucl
|9 770045
|
| 773 |
0 |
|
|t Irodalmi szemle
|g Roč. 30, č. 8 (1987), s. /807/
|
| 850 |
|
|
|a Slovenská národná knižnica
|
| 852 |
|
|
|a Slovenská národná knižnica
|
| 958 |
|
|
|a RK
|
| 958 |
|
|
|a HU
|
| 958 |
|
|
|a LX
|
| 992 |
|
|
|a RBX
|
| 999 |
|
|
|c 2583213
|d 2585143
|